[Event "Moscow Aeroflot op-A"]
[Site "Moscow"]
[Date "2006.02.15"]
[Round "8"]
[White "Efimenko, Zahar"]
[Black "Huzman, Alexander"]
[Result "1-0"]
[WhiteElo "2666"]
[BlackElo "2573"]
[Annotator "Lukacs,P"]
[PlyCount "89"]
[EventDate "2006.02.08"]
[EventType "swiss"]
[EventRounds "9"]
[EventCountry "RUS"]
[SourceTitle "CBM 112"]
[Source "ChessBase"]
[SourceDate "2006.06.07"]
[SourceVersion "1"]
[SourceVersionDate "2006.06.07"]
[SourceQuality "1"]

1. e4 e5 2. Bc4 Nf6 3. d3 c6 4. Nf3 d5 5. Bb3 Bd6 6. exd5 Nxd5 {Black abandons
the idea of creating a mighty P [+]. Now he has to defend only his stronghold
on e5.} (6... cxd5 7. Bg5 (7. O-O Be6 (7... O-O {is certainly met by} 8. Bg5 (
8. h3 {is too slow.} e4 9. dxe4 dxe4 10. Nd4 Nc6 11. Nxc6 bxc6 12. Re1 Qe7 13.
Qe2 Re8 14. Nd2 Qe5 15. Nf1 a5 16. a4 Nd5 17. c3 Bf5 18. Rd1 Be6 $13 {
Lokasto-Onischuk, Alushta 1992})) 8. Bg5 (8. Re1 Nbd7 9. Nc3 h6 $1 {against
both Ng5 and Bg5} 10. Bd2 a6 $13 {and Black can hold his strong central pawns.}
({The careless} 10... O-O {founders on} 11. Nb5 $1 Bb8 12. Bb4 $1 Re8 13. Nd6
Bxd6 14. Bxd6 $14 {Ortel-Pinter, Budapest 1977}) (10... g5 $5 {looks rather
aggressive, but Black can afford himself this because of his advantage in the 
[+].} 11. Ba4 (11. Nb5 Bb8 12. Bb4 Qb6) 11... Kf8 $1 $13)) 8... Nbd7 9. Nc3 {
with a nasty pressure on >< d5.}) (7. Nc3 d4 {Now the a2-g8 /^ is opened, but
Black has still a strong [+], and this push comes by a tempo.} 8. Ne2 Nc6 9.
O-O (9. a3 {securing the a2-g8 /^ for the B.} O-O 10. O-O {- 9.0-0}) 9... O-O
10. a3 (10. Ng3 h6 11. Nh4 Re8 {/\ Bf8 holding the [+].} 12. Nhf5 Bf8 $13 {
De Vilder-Berkvens, Lost Boys op 2000}) 10... Ne7 11. Ng3 Ng6 12. Re1 h6 13.
Bd2 (13. h3 Re8 (13... Bd7 {(1/2:1/2 Beshukov-Golod, Capella Grande 1999)} 14.
Nd2 {/\ Nde4 fighting for the light squares.} Rc8 15. Nde4 Be7 16. Nxf6+ Bxf6
17. Qh5 $14 {Beshukov-Voloshin, MK Cafe Cup-B 1999})) 13... Re8 $13 {
Shaposhnikov-Neiksans, Wch U20 Athens 2001}) 7... Be6 $142 (7... Qa5+ $6 {
helps only for White's development.} 8. Nbd2 (8. Qd2 $5 Qxd2+ 9. Nbxd2) 8...
Be6 9. O-O Nc6 (9... Nfd7 $6 {is too sophysticated.} 10. Bh4 f6 (10... Nc6 11.
Ng5 $14) 11. Re1 O-O 12. d4 $1 {and Black's [+] will collapse soon.} Kh8 13.
dxe5 fxe5 14. c4 $1 $16 {Howell-Arlandi, EU-ch U20 Groningen 1983}) 10. c4 $1 (
{inserting} 10. Bxf6 gxf6 {and then} 11. c4 {is not that precise in view of} d4
12. Ne4 Be7 $13) 10... d4 (10... O-O 11. Bxf6 gxf6 12. cxd5 Bxd5 13. Ne4 $14 {
with a pressure on the light squares, and the weakness of the doubled pawns
begin to tell.}) 11. c5 $1 Bxc5 (11... Qxc5 $2 12. Bxe6 fxe6 13. Bxf6 gxf6 14.
Ne4 $18) 12. Bxe6 fxe6 13. Qb3 Qc7 14. Rac1 $44 {with a totally cramped P
structure for Black.}) (7... Nc6 8. Nc3 $1 {attacking >< d5 immediately is
White`s main threat.} (8. Bxf6 gxf6 9. Bxd5 $2 {falls into} Bb4+ 10. c3 Qxd5
$17) (8. O-O Be6 $142 (8... d4 $5 9. Re1 O-O 10. Nbd2 $14 {White has some
pressure on the light squares, and >< e5 remains a target.} Re8 (10... a6 11.
h3 h6 12. Bh4 Re8 13. Nc4 Bc7 14. Bg3 {White has a strong pressure against ><
e5.} Nd7 15. a4 Qf6 16. c3 dxc3 17. bxc3 Nc5 18. Bc2 Bf5 19. d4 $1 Bxc2 20.
Qxc2 $16 {Benjamin-P.H.Nielsen, FIDE-Wch k.o. Las Vegas USA 1999}) 11. Bxf6
gxf6 (11... Qxf6 {avoids the corruption of the P structure, but allows a
direct assault after} 12. Ne4 Qg6 13. Nxd6 Qxd6 14. Ng5 $16) 12. Ne4 Be7 (12...
Bg4 13. h3 Bh5 14. Ng3 Bg6 15. Nh4 $16 {conquering >< f5.}) 13. Ng3 $1 $14 {
/\ Nh4 was the required prophylactical move here avoiding the push f6-f5, and
blockading the vital >< f5.} (13. Nh4 $5 {allows the freeing move} f5 $1 14.
Qh5 fxe4 (14... Bxh4 15. Bxf7+ Kf8 16. Bxe8 Qxe8 17. Qxh4 fxe4 18. Qxh7) 15.
Bxf7+ Kf8 16. Bxe8 Qxe8 17. Qxh7 Bxh4 18. Qxh4 exd3 19. Qh6+ Kg8 20. Qg5+ $11 {
and White has no more than a perpetual.} (20. cxd3 Bf5)) (13. Qd2 Bf8 $1 {
/\ f5 at any cost.} 14. Nh4 (14. Ng3 f5) 14... f5 15. Ng5 Re7 16. Qd1 {/\ Qh5}
Qd6 17. Qh5 (17. Nxf7 Rxf7 18. Bxf7+ Kxf7 19. Qh5+ Kg8 20. Nxf5 Qg6 $13 {
and Black has a strong ^^.}) 17... Qh6 18. Bxf7+ Kg7 19. Qxh6+ Kxh6 20. f4 $1
$14 {Hamdouchi-Bacrot, Paris 2002 CBM 090} (20. Nhf3 Kg7 21. Bd5 h6 $44 {
and Black's [+] remains unchallenged, while White's knights are doomed to
passivity.}))) 9. Nc3 Bc7 {- 7...Be6}) 8... d4 (8... Bb4 9. O-O Bxc3 10. bxc3 {
White gets the ^^ and the pressure against >< e5 and d5 remains.} Be6 11. Re1
Qd6 12. Nxe5 Nxe5 13. Bf4 Nfg4 14. Qe2 $14) (8... Be6 9. Bxf6 gxf6 10. Bxd5
Bxd5 11. Nxd5 Qa5+ 12. Nc3 Bb4 13. O-O (13. Qd2 $6 {The stubborn defence of
the P is weaker due to} Nd4 $1 $44) 13... Bxc3 14. bxc3 Qxc3 15. Rb1 $14 {
and the black K is not so safe.}) 9. Nd5 Be6 10. O-O Bxd5 (10... h6 $5 11.
Nxf6+ (11. Bxf6 gxf6 $13) 11... gxf6 12. Bh4 $1 {The pin is annoying, Black`s
P structure is corrupted.} (12. Bd2 Qd7 $13) 12... Bxb3 (12... Rg8 13. Bxe6
fxe6 14. Nd2) 13. axb3 Rg8 14. Nd2 {/\ f4} Be7 15. f4 $14) 11. Bxd5 $14 h6 12.
Bxf6 Qxf6 {Despite of the ^- White`s position is a bit better because of his
active B.} 13. c3 $5 (13. Nd2 O-O 14. Ne4 Qg6 15. Qf3 {White has a pressure on
the light squares.} Be7 (15... Kh8 16. h4 $1 {/\ h5, Bf7}) 16. Ng3 Rac8 $14)
13... dxc3 (13... O-O 14. Qa4 $14) 14. bxc3 O-O 15. Rb1 Rab8 16. Qa4 Bc5 $2 (
16... Bc7 17. Qe4 $1 Rfd8 (17... Rfe8 {runs into} 18. Rxb7 $1) 18. Rb3 Qd6 19.
c4 $14 {and White`s main advantage is the ^-!}) (16... Rfc8 $1 {was the
stubborn defence.} 17. Bxc6 (17. Qe4 Ne7 $11) 17... bxc6 18. Rxb8 Bxb8 19. Rb1
$14 {White`s pieces are rather active, he controls the only opened b file.})
17. Qe4 $1 Bb6 (17... Bd6 18. Rb5 $16) 18. Bxc6 bxc6 19. Qxe5 {Now White wins
the e P.} (19. Nxe5 {is met by} Bxf2+ $1 20. Kh1 Rxb1 21. Rxb1 Re8 22. d4 $14)
19... Qg6 {Why not} 20. d4 (20. Qe2 Rfe8 21. Qc2 $14 {Ivanchuk-L.Dominguez,
Havana 2005 CBM 107}) 20... Rfe8 21. Qf4 $16 {with a healthy P up?}) 8. Nc3 Bc7
(8... Qa5 $6 {is again useless due to} 9. O-O Nbd7 10. Qe1 $1 $16 {
Taulbut-Scheeren, Politiken Cup 1981}) 9. O-O Nc6 10. Re1 a6 (10... O-O 11. Bh4
(11. Bxf6 gxf6 {and Black can hold >< d5 and f5.}) 11... Re8 12. h3 a6 13. Ng5
(13. Bxf6 gxf6 {is again not a big deal:} 14. d4 e4 15. Nh2 f5 16. Nf1 f4)
13... Qd7 14. Nxe6 fxe6 15. Bxf6 gxf6 16. Qg4+ Qg7 17. Ne2 f5 $13 {and Black's
P [+] is stronger than ever, Matjushin-Taborov, Independence Cup op 1999.}) 11.
Bh4 O-O 12. Bg3 (12. Qc1 Rc8 13. Bxf6 gxf6 14. Qh6 {is not frightening because
of the cold-blooded} Na5 $13) 12... d4 13. Nb1 Bxb3 14. axb3 Nd7 15. c3 {
1/2:1/2 Needleman-Soppe, ARG-ch sf Ezeiza 2000}) 7. O-O (7. Nc3 $6 Nxc3 8. bxc3
{and White's P structure is corrupted.} Bg4 $1 9. h3 Bh5 10. g4 Bg6 11. h4 h5
$1 12. Ng5 Nd7 13. gxh5 Bxh5 $17 {with a completely ruined white P structure,
De Jager-Van der Weij, Dieren op 1991.}) 7... O-O 8. Re1 (8. Nbd2 Bc7 {
Preparing against both Ne4 and Nc4.} 9. Re1 Nd7 10. Ne4 h6 $1 {avoiding any
inconveniences connected with the g5 square.} 11. h3 N7f6 12. Ng3 (12. Nxf6+
Qxf6 $11) (12. Bd2 Nxe4 {There is no need to change the P structure.} ({
Keeping the tension by} 12... Re8 $5 {deserves attention as well.}) 13. dxe4
Nf6 14. Bc3 Qxd1 15. Raxd1 Re8 $11) 12... Re8 13. Bd2 a5 14. a3 a4 15. Ba2 $13
{Malisov-Birnboim, ISR-ch 1996}) 8... Re8 (8... Nd7 9. d4 (9. Nbd2 Re8 10. Ne4
Bc7 11. Bg5 {weakening the a2-g8 /^.} f6 12. Bd2 Kh8 13. h3 Nf8 14. d4 $14 {
Bosboom-Raetsky, 1998}) 9... exd4 10. Bxd5 cxd5 11. Qxd4 $14 {with a typical
izolated P structure, Tiviakov-Stefanova, Wijk aan Zee B 2004.}) (8... Bg4 9.
h3 Bxf3 10. Qxf3 Nb6 11. Nd2 N8d7 12. Ne4 Be7 13. Bd2 $14 {
Mitkov-Mikhalchishin, Vidmar mem 2003}) 9. Nbd2 Bc7 (9... Nd7 10. Ne4 Bf8 {
is the other way for the B for the retreat.} 11. Bd2 $1 h6 {Cifuentes} (11...
b6 $2 12. d4 $1 $16 {Conquest-Cifuentes, Olot 1994})) 10. Ne4 Bf5 (10... Bg4 {
deserves attention as well.} 11. h3 Bh5 12. Ng3 Bg6 13. Bg5 f6 (13... Qd7 14.
Nh4 {If White can secure the ^^ for the _|_ his chances are a bit better.} Na6
15. Nxg6 hxg6 16. d4 (16. Ne4 $5) 16... exd4 17. Qxd4 Bb6 18. Qh4 (18. Qg4 Nc5
19. Bc4 Rxe1+ 20. Rxe1 Re8 $11 {Tsheshkovsky-Agzamov, Yerevan (zt) 1982}) 18...
Nc5 19. Bc4 Rxe1+ 20. Rxe1 Re8 21. Rd1 $14) 14. Bd2 Bf7 {seems to be the best
defence.} (14... Kh8 15. Nh4 $14)) 11. Bg5 $5 (11. Ng3 Bg6 12. Bg5 f6 13. Bd2
Bf7 {is similar to 10...Bg4 without h3.}) 11... f6 12. Bd2 (12. Nh4 Be6) 12...
Nd7 13. Nh4 Be6 14. Qh5 a5 15. a3 (15. a4) 15... Nf4 {Making profit from the
weakened b3 square.} 16. Bxe6+ (16. Bxf4 Bxb3 17. cxb3 exf4 {corrupts White's
P structure as well.}) 16... Nxe6 17. Re3 $5 {White creates direct threats on
the >>.} (17. Nf5 Ndf8) 17... Nf4 (17... Ndf8 $6 18. Rg3 $1 Nf4 {founders on
the forceful} 19. Rxg7+ $1 Kxg7 20. Nf5+ Kh8 21. Qf7 $18) 18. Qg4 Nf8 19. g3 {
closing the third rank for the R.} (19. Nf5 N8e6) 19... N4e6 (19... N4g6 20.
Nf5 Ne6 {with good chances for a successful defence.}) 20. Nf5 Kh8 (20... Ng6 {
- 19...N4g6}) 21. Rf3 (21. Rae1 g6 22. Nh6 Qe7 $13) 21... Qd7 22. c3 (22. Bh6
$5 {is untouchable, but what is the immediate threat?}) 22... Red8 23. h4 {
White brings the last reserves for his ->.} Qf7 24. h5 Rd7 25. Nh4 {White has
some pressure on the light squares, but >< d3 is a target.} Rad8 26. h6 Rxd3
27. Be3 {White sacrifices the weakness instead of defending it passively. He
concentrates all of his forces on the >>.} (27. hxg7+ Qxg7 $1 28. Qxg7+ Kxg7
29. Be3 Rd1+ 30. Rxd1 Rxd1+ 31. Kg2 Nd7 32. Nf5+ Kg6 $13 {and Black holds on.})
27... Nd7 28. hxg7+ Nxg7 29. Kg2 {/\ Rh1 bringing the last piece into battle.}
h5 {This weakens the >> a bit.} (29... Ne6 30. Nf5 a4 (30... Rg8 31. Nh6 $1)
31. Rh1 $16) (29... Rg8 $1 {was the cold-blooded defence.} 30. Nf5 (30. Rh1 Ne6
) 30... Qe6 $13) 30. Qg6 (30. Rh1 $5 {deserved attention :} Kg8 (30... hxg4 $4
31. Ng6+ Kg8 32. Rh8#) 31. Ng6 Rd1 32. Rxh5 Nxh5 33. Qxh5 Qh7 34. Bh6 $44)
30... Qxg6 31. Nxg6+ Kh7 32. Nh4 Rf8 33. Rh1 Bd8 {[#]} (33... Bb6 34. Bxb6 Rxf3
35. Bc5 Nxc5 36. Nxc5 b6 37. Nd7 Rf7 38. Rd1 {and finally the captured R falls!
} Rf5 39. Nxf5 Nxf5 40. Nxb6 $14) 34. Nf5 $1 Nxf5 (34... Rg8 35. Nxg7 Rxg7 36.
Rf5 $1 Kg6 37. Rfxh5 $16) 35. Rxf5 Kg6 36. Rfxh5 {White wins back the P with a
bit better chances in the _|_.} Rg8 37. Rh7 Rg7 38. Rh8 Be7 39. g4 Kf7 {
This is too passive.} ({The freeing move} 39... f5 $1 {was required:} 40. gxf5+
Kxf5+ 41. Kf3 Nf6 42. Nxf6 Bxf6 43. R1h5+ Ke6 44. Re8+ $14) 40. Kf3 Nf8 41. Ng3
{The weaknesses on the light squares begin to tell.} Rd7 (41... Rg8 42. Rxg8
Kxg8 43. Nf5 Rd7 44. b4 $16 {creating an additional front on the other flank.})
42. Nf5 Rg6 43. b4 axb4 44. axb4 Rd8 $2 {This loses outright!} (44... b5 45.
R1h4 {/\ Ke4 and Black is pushed to the wall.}) 45. R8h7+ $1 1-0

[Event "FRA Cup final"]
[Site "Paris"]
[Date "2002.05.25"]
[Round "1.2"]
[White "Hamdouchi, Hicham"]
[Black "Bacrot, Etienne"]
[Result "1/2-1/2"]
[WhiteElo "2570"]
[BlackElo "2653"]
[Annotator "Lukacs,P"]
[PlyCount "113"]
[EventDate "2002.05.25"]
[EventType "team"]
[EventRounds "1"]
[EventCountry "FRA"]
[SourceTitle "CBM 090"]
[Source "ChessBase"]
[SourceDate "2002.09.20"]
[SourceVersion "1"]
[SourceVersionDate "2002.09.20"]
[SourceQuality "1"]
[WhiteTeam "Montpellier"]
[BlackTeam "Paris NAO"]
[WhiteTeamCountry "FRA"]
[BlackTeamCountry "FRA"]

1. e4 e5 2. Bc4 Nf6 3. d3 c6 4. Nf3 d5 5. Bb3 Bd6 (5... Bb4+ {is the other
main continuation trying to provoke} 6. c3 {and only then} Bd6 {hindering Nc3.}
) 6. exd5 {White gives up the [+] in order to attack Black`s central pawns at
once.} (6. Nc3 dxe4 (6... O-O {- Beshukov-Bezgodov,St.Petersburg op 2000 CBM 75
}) 7. Ng5 (7. dxe4 {- A.Rodriguez-Benares, Santos Carlos Covas 2001 CBM 82}) (
7. Nxe4 {- Mitkov-Ch.Gabriel, Pula zt. 2000 CBM 77}) 7... O-O 8. Ncxe4 Nxe4 9.
Nxe4 Bf5 $142 {- Adams-Kramnik, Tilburg Fontys 1998 EXT 99} (9... a5 $5 {
- Fedorov-Shirov, EU-chT (Men) 2001 CBM 86})) 6... cxd5 (6... Nxd5 {-
Malishov-Bimboim, ISR-ch Jerusalem 1996 CBM 56}) 7. Bg5 (7. O-O Be6 (7... O-O {
is certainly met by} 8. Bg5 (8. h3 {is too slow.} e4 9. dxe4 dxe4 10. Nd4 Nc6
11. Nxc6 bxc6 12. Re1 Qe7 13. Qe2 Re8 14. Nd2 Qe5 15. Nf1 a5 16. a4 Nd5 17. c3
Bf5 18. Rd1 Be6 $13 {Lokasto-Onischuk, Alushta 1992})) 8. Bg5 (8. Re1 Nbd7 9.
Nc3 h6 $1 {against both Ng5 and Bg5} 10. Bd2 a6 $13 {and Black can hold his
strong central pawns.} (10... g5 $5 {looks rather aggressive, but Black can
afford himself this because of his advantage in the [+].} 11. Ba4 (11. Nb5 Bb8
12. Bb4 Qb6) 11... Kf8 $1 $13) ({The careless} 10... O-O {founders on} 11. Nb5
$1 Bb8 12. Bb4 $1 Re8 13. Nd6 Bxd6 14. Bxd6 $14 {Ortel-Pinter, Budapest 1977}))
8... Nbd7 9. Nc3 {with a nasty pressure on >< d5.}) (7. Nc3 d4 {Now the a2-g8 /
^ is opened, but Black has still a strong [+], and this push comes by a tempo.}
8. Ne2 Nc6 9. O-O (9. a3 {securing the a2-g8 /^ for the B.} O-O 10. O-O {
- 9.0-0}) (9. Ng3 O-O 10. a3 Ne7 11. O-O Ng6 {- 9.0-0}) 9... O-O 10. a3 (10.
Ng3 h6 11. Nh4 Re8 {/\ Bf8 holding the [+].} 12. Nhf5 Bf8 $13 {De
Vilder-Berkvens, Lost Boys op 2000}) 10... Ne7 11. Ng3 Ng6 12. Re1 h6 13. Bd2 (
13. h3 Re8 (13... Bd7 {1/2:1/2 Beshov-Golod, Capella Grande 1999} 14. Nd2 {
/\ Nde4 fighting for the light squares.} Rc8 15. Nde4 Be7 16. Nxf6+ Bxf6 17.
Qh5 $14 {Beshukov-Voloshin, MK Cafe Cup-B 1999})) 13... Re8 $13 {
Shaposhnikov-Neiksans, Wch U20 Athens 2001}) 7... Nc6 (7... d4 $6 {opens up
the a2-g8 /^ without a fight.} 8. Nbd2 O-O 9. O-O Nc6 10. Re1 a6 11. h3 h6 12.
Bh4 Re8 13. Nc4 Bc7 14. Bg3 {White has a strong pressure against >< e5.} Nd7
15. a4 Qf6 16. c3 dxc3 17. bxc3 Nc5 18. Bc2 Bf5 19. d4 $1 Bxc2 20. Qxc2 $16 {
Benjamin-P.H.Nielsen, FIDE-Wch k.o. Las Vegas USA 1999}) (7... Qa5+ $6 {
helps only for White's development.} 8. Nbd2 (8. Qd2 $5 Qxd2+ 9. Nbxd2) 8...
Be6 9. O-O Nc6 (9... Nfd7 $6 {is too sophysticated.} 10. Bh4 f6 (10... Nc6 11.
Ng5 $14) 11. Re1 O-O 12. d4 $1 {and Black's [+] will collapse soon.} Kh8 13.
dxe5 fxe5 14. c4 $1 $16 {Howell-Arlandi, EU-ch U20 Groningen 1983}) 10. c4 $1 (
{inserting} 10. Bxf6 gxf6 {and then} 11. c4 {is not that precise in view of} d4
12. Ne4 Be7 $13) 10... d4 (10... O-O 11. Bxf6 gxf6 12. cxd5 Bxd5 13. Ne4 $14 {
with a pressure on the light squares, and the weakness of the doubled pawns
begin to tell.}) 11. c5 $1 Bxc5 (11... Qxc5 $2 12. Bxe6 fxe6 13. Bxf6 gxf6 14.
Ne4 $18) 12. Bxe6 fxe6 13. Qb3 Qc7 14. Rac1 $44 {with a totally cramped P
structure for Black.}) (7... Be6 8. Nc3 Bc7 (8... Qa5 $6 {is again useless due
to} 9. O-O Nbd7 10. Qe1 $1 $16 {Taulbut-Scheeren, Politiken Cup 1981}) 9. O-O
Nc6 10. Re1 a6 (10... O-O 11. Bh4 (11. Bxf6 gxf6 {and Black can hold >< d5 and
f5.}) 11... Re8 12. h3 a6 13. Ng5 (13. Bxf6 gxf6 {is again not a big deal:} 14.
d4 e4 15. Nh2 f5 16. Nf1 f4) 13... Qd7 14. Nxe6 fxe6 15. Bxf6 gxf6 16. Qg4+ Qg7
17. Ne2 f5 $13 {and Black's P [+] is stronger than ever, Matjushin-Taborov,
Independence Cup op 1999.}) 11. Bh4 O-O 12. Bg3 (12. Qc1 Rc8 13. Bxf6 gxf6 14.
Qh6 {is not frightening because of the cold-blooded} Na5 $13) 12... d4 13. Nb1
Bxb3 14. axb3 Nd7 15. c3 {1/2:1/2 Needleman-Soppe, ARG-ch sf Ezeiza 2000}) 8.
O-O (8. Bxf6 gxf6 9. Bxd5 $2 {falls into} Bb4+ 10. c3 Qxd5 $17) 8... d4 $5 (
8... Be6 $142 9. Nc3 Bc7 {- 7...Be6}) 9. Re1 O-O 10. Nbd2 $14 {White has some
pressure on the light squares, and >< e5 remains a target.} Re8 11. Bxf6 gxf6 (
11... Qxf6 {avoids the corruption of the P structure, but allows a direct
assault after} 12. Ne4 Qg6 13. Nxd6 Qxd6 14. Ng5 $16) 12. Ne4 Be7 (12... Bg4
13. h3 Bh5 14. Ng3 Bg6 15. Nh4 $16 {conquering >< f5.}) 13. Qd2 (13. Nh4 $5 {
allows the freeing move} f5 $1 14. Qh5 fxe4 (14... Bxh4 15. Bxf7+ Kf8 16. Bxe8
Qxe8 17. Qxh4 fxe4 18. Qxh7) 15. Bxf7+ Kf8 16. Bxe8 Qxe8 17. Qxh7 Bxh4 18. Qxh4
exd3 19. Qh6+ Kg8 20. Qg5+ $11 {and White has no more than a perpetual.} (20.
cxd3 Bf5)) (13. Ng3 $1 $14 {/\ Nh4 was the required prophylactical move here
avoiding the push f6-f5, and blockading the vital >< f5.}) 13... Bf8 $1 {
/\ f5 at any cost.} 14. Nh4 (14. Ng3 f5) 14... f5 15. Ng5 Re7 16. Qd1 {/\ Qh5}
Qd6 17. Qh5 (17. Nxf7 Rxf7 18. Bxf7+ Kxf7 19. Qh5+ Kg8 20. Nxf5 Qg6 $13 {
and Black has a strong ^^.}) 17... Qh6 18. Bxf7+ Kg7 19. Qxh6+ Kxh6 20. f4 $1 (
20. Nhf3 Kg7 21. Bd5 h6 $44 {and Black's [+] remains unchallenged, while
White's knights are doomed to passivity.}) 20... exf4 21. Nhf3 (21. Rxe7 Bxe7
22. Ngf3 Kg7 $13) 21... Re3 $1 {The R is very strong here compensating the
other defects of the black position.} (21... Kg7 22. Be6 $16) 22. Bd5 (22. Ne6
$5 Bxe6 23. Bxe6 Bb4 24. Rxe3 fxe3 {This defended o^ is Black's main trump.}
25. a3 (25. Bxf5 Rf8 26. Be4 Bc5 (26... e2 $2 27. Bxc6 bxc6 28. a3 Rxf3 29.
axb4 $16) 27. Kf1 Ne5 $14) 25... Ba5 26. Bxf5 Rf8 27. Be4 Bb6 $14) 22... Bc5
23. Nh3 Ne7 24. Bb3 Ng6 25. Bf7 b6 26. Bd5 (26. Bxg6 hxg6 27. Nxf4 {wins the P,
but Black's ^^ has a bright future.} Bb7 28. Kf2 Rae8 $44) 26... Rb8 27. a3 b5
28. Kf2 Bd7 29. Bf7 b4 30. a4 $2 (30. axb4 $1 Rxb4 31. b3 $14 {was better
targeting >< a7.}) 30... Bc6 31. Bxg6 hxg6 32. Ne5 (32. Nxf4 Rbe8 $44) 32...
Rxe1 $6 (32... Be8 $1 33. Nc4 (33. b3 g5 34. Nc4 Bh5 $1 {with a very
impressive positional exchange sacrifice.}) 33... b3 $1 $15 {and White's <<
will collapse!}) 33. Rxe1 Bxa4 34. Nxf4 (34. b3 Be8 35. Nxf4 Rc8) 34... Bxc2 (
34... b3 $5) 35. Nd7 (35. Nexg6 Bb3 (35... Bd6 36. Re6) 36. Re5 Bd6 37. Rxf5
Rc8 $44) 35... Bd6 $6 {Black has a nice compensation for the exchange, but
probably not more than that.} (35... Rc8 $142 36. Re6 $1 (36. Nxc5 Rxc5 37. Re6
Kh7 $15) 36... Kh7 (36... Bb3 37. Rxg6+ Kh7 38. Ra6 $1) 37. Nf6+ Kh8 $1 $13 {
was more exciting!}) 36. Nxb8 Bxf4 37. Nc6 Bxd3 38. Nxd4 Be4 $44 {Black's ^^
is rather impressive.} 39. Nf3 a5 40. Ra1 Bc7 41. Ke2 Kh5 42. Rc1 Bd8 43. b3 g5
44. Rc5 g4 45. Nd2 Bxg2 46. Rxf5+ Kh4 47. Rf8 Bc7 48. Rf7 Bb8 49. Rh7+ Kg5 50.
Nc4 Bh3 51. Nxa5 Bxh2 52. Nc6 Kg6 53. Rh8 Kg7 54. Rh5 g3 55. Ne5 g2 56. Rg5+
Kf6 57. Nf3 1/2-1/2